MARC

LEADER 00000nam0a2200000 4500
001 329811
005 20231102004211.0
035 |a (RuTPU)RU\TPU\book\355579 
090 |a 329811 
100 |a 20170322d1967 m y0rusy50 ca 
101 0 |a rus 
102 |a RU 
105 |a y j 000zy 
200 1 |a Геометрические представления процессов нагружения  |e конспект лекций  |f Цунедзо Сато  |g Московский государственный университет им. М. В. Ломоносова, Механико-математический факультет, Кафедра теории упругости 
210 |a Москва  |c Изд-во Московского ун-та  |d 1967 
215 |a 98 с. 
606 1 |a Упругость, теория  |x Математические методы  |2 stltpush  |3 (RuTPU)RU\TPU\subj\63149  |9 80193 
610 1 |a физика 
610 1 |a нагружение 
610 1 |a геометрические расчеты 
610 1 |a напряжения 
610 1 |a деформации 
610 1 |a геометрические вычисления 
610 1 |a лекции 
675 |a 539.3:51  |v 4 
700 0 |a Цунедзо Сато 
712 0 2 |a Московский государственный университет им. М. В. Ломоносова  |b Механико-математический факультет  |b Кафедра теории упругости  |2 stltpush  |3 (RuTPU)RU\TPU\col\7 
801 1 |a RU  |b 63413507  |c 20170322 
801 2 |a RU  |b 63413507  |c 20201020  |g RCR 
942 |c BK